000
00228nam a2200097Ia 4500
005
20251222114415.0
008
251222s1900||||xx |||||||||||||| ||spa||
082
_a
DVD0010/C75/1969
245
0
_a
Un golpe a la italiana:
942
_c
DVD
999
_c
2205
_d
2205